How to build an integrated company

Bibliographic Details
Main Author: BIrkin, Malcolm
Format: Book
Published: New Delhi : Infinity Books , 2003
Subjects:

MARC

LEADER 00000cam a2200000 7i4500
001 0000019213
005 20080614.0
008 080614
020 |a 8179290549 
090 0 0 |a 658.049   |b BIR 
100 1 |a BIrkin, Malcolm 
245 1 2 |a How to build an integrated company   |c Malcolm Birkin 
260 |a New Delhi :   |b Infinity Books ,   |c 2003 
650 0 |a Comparative management 
650 0 |a International business enterprises   |x management 
650 0 |a Organizational effectiveness 
999 |a 0001024445   |b Book   |c Adult Collection   |e Perbadanan Perpustakaan Awam Johor